000 00645cab a2200193 4500
001 L136847
008 070227n2007 000 0 eng u
035 _a(Sirsi) u136847
041 0 _aeng
245 0 0 _aManufacturing methamphetamine
260 _c2007
490 0 0 _aAgreement
_v14(1) February 2007, 28-29(2)
520 _aCovers the risk of letting property to a tenant who uses it to manufacture illicit drugs, particularly in light of the emerging problem of methamphetamine in the UK.
590 _aKA
651 4 _aEngland and Wales
_y1543-
690 _aBlock management
_96220
690 _aLandlord and tenant
_96252
942 _n0
999 _c78470
_d78470